000
00353nam a22001337a 4500
003
SGT
020
_a
9789352667543
082
_a
200
_b
A18S
100
_a
शर्मा, हेमंत
245
_a
अयोध्या का चश्मदीद
260
_b
प्रभात प्रकाशन
_c
2018
300
_a
511
942
_2
ddc
_c
BK
999
_c
31739
_d
31739